Queen Songs - The Works - Statistics

General Stats
  • This quiz has been taken 11 times
  • The average score is 7 of 9
Answer Stats
Songs % Correct
Radio Ga Ga
100%
Is This The World We Created...?
88%
I Want To Break Free
88%
Hammer To Fall
75%
It's A Hard Life
75%
Machines (Back to humans)
75%
Man On The Prowl
75%
Tear It Up
50%
Keep Passing The Open Windows
38%
No matching quizzes found
Score Distribution
Percent of People with Each Score
Percentile by Number Answered
Your Score History
You have not taken this quiz